000 00696nam a2200169 i 4500
001 158646
003 ES-MaACL
005 20230906211244.0
008 001020s1882 sp |||| | spa d
040 _aEXT
_bspa
_cEXT
245 0 0 _aManual del Timbre del Estado
_b: compuesto de la Ley de 31 de Diciembre de 1881, el Reglamento de la misma fecha y un diccionario para facilitar su aplicación /
_cpublicado por la Gaceta de los Colegios Notariales.
260 _aMadrid :
_bEstablecimiento tipográfico de Ramon Angulo,
_c1882.
300 _a204 p. ;
_c20 cm.
650 _aTimbre (Impuesto)-
_zEspaña.
_9161971
852 _aES-MaACL
_jG-12305
_z-- Enc. tela
852 _aES-MaACL
_jT-878-F-8
999 _c158646
_d158646